000 01252nam a2200289 a 4500
001 BRCA_9145
005 20190320210533.0
008 190618s2016----mx-a######---#000-0#spa-#
020 _a9786074612127
041 _aspaeng
044 _amx
050 4 _aN6557.P9
_b.M97 2016
245 1 0 _aMuseo Internacional del Barroco
_bla puesta en escena : museología y museografía
_cMiguel Ángel Fernández, coordinador ; traductores, Jill Derais, Paige Mitchell, Fionn Petch.
260 _aPuebla
_bMuseo Internacional del Barroco : Gobierno del Estado de Puebla ; Ciudad de México : Artes de México y el Mundo
_c2016
300 _a206 p.
_bil (algunas a color)
_c36 cm.
504 _aBibliografía : p. 163-167
546 _aTexto en : español e inglés
610 2 4 _aMuseo Internacional del Barroco
_vCatálogos
_922538
650 1 4 _aArte barroco
_vCatálogos
_zMéxico - Puebla de Zaragoza
_922539
650 1 4 _aMuseos
_zMéxico - Puebla de Zaragoza
_922540
651 4 _aPuebla de Zaragoza (México)
_xEdificios, estructuras, etc.
_922541
700 1 _aFernández, Miguel Ángel
_ecoord.
_922542
700 1 _aDerais, Jill
_etr.
_922543
700 1 _aMitchell, Paige
_etr.
_922544
710 2 _aMuseo Internacional del Barroco
_922545
942 _2lcc
_cB
999 _c8792
_d8792